000
00246nam a2200109Ia 4500
008
230312s9999||||xx |||||||||||||| ||und||
082
_a
758.940
_b
SCO-L
100
_a
Scolly:susan
245
0
_a
Love devotion
650
_a
Architecture
942
_c
BK
999
_c
14475
_d
14475